Quizzes
Events
Quiz Creation
Community
Videos
Private Events
Remove Ads
Sign In
Join for FREE
Feedback
Dark Mode
Quiz Categories
Sports
Geography
Music
Movies
Television
Just For Fun
Miscellaneous
History
Literature
Language
Science
Gaming
Entertainment
Religion
Holiday
For Kids
Quiz Lab
Recent
Popular Today
Quiz Kudos Today
Editor Picks
Curator Picks
Quizzes by...
Day
Popularity
Type
Ratings
Length
Year
Community
Subscriptions
Recent Discussions
Orange Saloon
Badges
Playlists
Quests
Create
Leaderboards
Showdown
Live 5
Trivia Bingo
Activity
Puzzle Library
Sporcle Events
Private Events
Virtual Trivia
Globe League
Become a Host
Pub Owners
SporcleCon
Opinionation
Our Games
Videos
Blog
Mobile Apps
Partnerships
Remove Ads and Go Orange
Feedback
Sports
Athletes
MLB
NBA
NHL
NFL
Soccer
Sports Teams
WWE
NCAA
Football
Premier League
Basketball
Baseball
Hockey
Golf
Tennis
Cricket
Rugby
Auto Racing
Olympics
World Cup
Sports
Athletes
MLB
NBA
NHL
NFL
Soccer
Sports Teams
WWE
NCAA
Football
Premier League
Basketball
Baseball
Hockey
Golf
Tennis
Cricket
Rugby
Auto Racing
Olympics
World Cup
Random Quiz
Search Sporcle
×
Quiz Lab
Quiz Lab
Sports
NBA
Type in answers that appear in a list
Type in answers that appear in a list
Classic
Best Score? Go Orange.
NBA players, letter O Stats
NBA players, letter O
By
buns
9m
41 Questions
117 Plays
117 Plays
117 Plays
Comments
Comments
Give Quiz Kudos
Give Quiz Kudos
-
- Ratings
hide this ad
More Info
Replay
Link that replays current quiz
Next Quiz
Link to next quiz in quiz playlist
You Got
0%
They Got
Avg Score
36%
Avg Friend Score
Upgrade to see
Score Distribution
Jump to the score distribution portion of the page
Score
0/41
Timer
09:00
0
Plays Today
(Years, Games Played)
Name
% Correct
(1997-
2014, 1011)
Jermaine O'Neal
78.6%
(1993-
2011, 1207)
Shaquille O'Neal
78.6%
(1985-
2002, 1238)
Hakeem Olajuwon
66.7%
(1992-
2001, 600)
Billy Owens
65.8%
(1950-
1952, 90)
Red Owens
65.8%
(1977-
1983, 488)
Tom Owens
65.8%
(2014-
2016, 224)
Victor Oladipo
62.4%
(1991-
1998, 118)
Brian Oliver
60.7%
(1986-
2004, 1282)
Charles Oakley
56.4%
(1998-
2010, 662)
Kevin Ollie
56.4%
(1996-
2006, 756)
Greg Ostertag
56.4%
(2015-
2016, 100)
Johnny O'Bryant
49.6%
(2007-
2010, 90)
Patrick O'Bryant
49.6%
(2009-
2014, 105)
Greg Oden
48.7%
(2013-
2016, 242)
Kyle O'Quinn
41%
(2003-
2012, 634)
Mehmet Okur
40.2%
(1999-
2007, 500)
Michael Olowokandi
40.2%
(1952-
1953, 119)
Ralph O'Brien
39.3%
(1996-
1997, 128)
Ed O'Bannon
36.8%
(2000-
2013, 961)
Lamar Odom
34.2%
(2005-
2013, 590)
Emeka Okafor
32.5%
(Years, Games Played)
Name
% Correct
(1981-
1988, 569)
Louis Orr
30.8%
(1994-
2008, 914)
Bo Outlaw
29.9%
(2004-
2014, 622)
Travis Outlaw
29.9%
(1963-
1969, 369)
Bud Olsen
29.1%
(1993-
2004, 499)
Doug Overton
28.2%
(1961-
1970, 727)
Don Ohl
25.6%
(2014-
2016, 203)
Kelly Olynyk
25.6%
(2006-
2011, 336)
Fabricio Oberto
23.1%
(1981-
1991, 329)
Jawann Oldham
22.2%
(1950-
1951, 127)
John Oldham
22.2%
(1951-
1953, 174)
Kevin O'Shea
21.4%
(1947-
1949, 146)
Buddy O'Grady
16.2%
(1949-
1950, 82)
Dermie O'Connell
15.4%
(1981-
1988, 407)
Mike O'Koren
14.5%
(2001-
2003, 93)
Olumide Oyedeji
13.7%
(1948-
1951, 172)
Dick O'Keefe
9.4%
(1977-
1987, 865)
Mark Olberding
7.7%
(1976-
1977, 102)
Frank Oleynick
4.3%
(1952-
1955, 204)
Wally Osterkorn
4.3%
(1950-
1953, 219)
Don Otten
4.3%
Quiz Playlist
Details
Report
Send in Message
Add To Playlist
More Info:
Can you name the NBA players whose name initial is O? (minimum 82 games played in career; all players through 2015-16 season)
Classic:
Type in answers that appear in a list
Last Updated: Feb 16, 2017
Quiz Scoreboard
CHALLENGE
Sign Up to Join the Scoreboard
Show All
Scores
Hide
Comments
May contain spoilers
Recently Published
Billboard Blitz: Fleetwood Mac
by CooCooCachoo
Music
15s
Presidents Visiting Landmarks
by Hejman
History
7m
An Introduction to Baseball
by treessimontrees
Sports
5m
More to Explore
Quiz From the Vault
Featured Blog Post
Where Did the Easter Bunny Come From?
hide this ad
You Might Also Like...
Tags
NBA Quiz
name
NBA Player
Today's Top Quizzes in Sports
Browse Sports
hide this ad
Today's Top Quizzes in NBA
Browse NBA
Top Contributed Quizzes in Sports
1
Les meilleurs buteurs des matchs entre le PSG et l’OM
2
2022 World Cup Stars
3
FIFA Club World Cup Champions
4
Les entraîneurs de l'OM et du PSG au 21e siècle
5
Criteria MLB: Left Handed Sluggers
6
Name the Premier League winners with different clubs
7
5-to-1: UK Sports Teams
8
AFC Teams Reveal (Wrong Answers Minefield)
9
Players with Multiple 50 Home Run Seasons
10
5-to-1: FBS Animal Nicknames
Explore More
Trending Topics
Kpop
Crossword
Harry Potter
Marvel
NBA
Anime
Disney
Song
Soccer
Puzzle
Country
NFL
The Office
Pokémon
WWE
hide this ad
More By:
buns
Quiz
Plays
Rating
Category
Featured
Created
NBA players, letter B
238
5.00
Sports
Apr 29, 2016
NBA players, letter A
233
5.00
Sports
Apr 28, 2016
NBA players, letter J
199
5.00
Sports
May 15, 2016
NBA players, letter C
198
5.00
Sports
Apr 30, 2016
NBA players, letter D
186
5.00
Sports
Apr 30, 2016
Go to Creator's Profile
Score Distribution
Quiz Creator Spotlight
buns
Follow
Send a Message
Quizzes Created
-
Created Quiz Play Count
-
More By This Creator
Popular Quizzes Today
1
Find the US States - No Outlines Minefield
2
Find the Countries of Europe - No Outlines Minefield
3
The Countries of the World
4
Find the US States
5
US States
6
Popular People in 1961
7
Risky Map Clicking: Biggest States A-Z
8
Movies - When Are They Set?
More Sports Quizzes
NFL Teams by Super Bowl Loss
Curator's Pick
Trending Quizzes
Risky Map Clicking: Least Populous States A-Z
1-10 Letter G Words
1-10 Letter F Words
Risky Map Clicking: Next State Alphabetically
Risky Map Clicking: Biggest States A-Z
Recently Updated
Leaping Animals
pecheneg
Reality TV Shows (A-Z)
bhenderson79
Rickey Henderson's Hall of Fame Teammates
pecheneg
Champions League XIs: Arsenal
pecheneg
Quick Pick: Celebrities in WWE's Hall of Fame
aduchscher
A-Z Keypad Blitz II
pecheneg
Multiple Oscar Actors
pecheneg
Mystery Phrase Blitz: Oscar 'Best Actors'
pecheneg
F. Scott Fitzgerald Novels
LTH
Pick 3 Villains
ddd62291
Trending Topics
Kpop
Harry Potter
Anime
Crossword
NBA
Marvel
Disney
Soccer
The Office
Pokémon
WWE
Country
Puzzle
NFL
Song
Your Account Isn't Verified!
In order to create a playlist on Sporcle, you need to verify the email address you used during registration. Go to your
Sporcle Settings
to finish the process.
Report this User
Report this user for behavior that violates our
Community Guidelines
.
Details:
Send Report
Go to the Sporcle.com Mobile Site →
Comments